[Event "Napoli Sociale-ch"]
[Site "Napoli"]
[Date "2012.06.21"]
[Round "4"]
[White "Oliveri, Aldo"]
[Black "Ficco, Corrado"]
[Result "0-1"]
[WhiteElo "1715"]
[BlackElo "2079"]
[PlyCount "108"]
[EventDate "2012.05.31"]
[EventType "swiss"]
[EventRounds "7"]
[EventCountry "ITA"]
[SourceTitle "EXT 2018"]
[Source "ChessBase"]
[SourceDate "2017.10.13"]
[SourceVersion "1"]
[SourceVersionDate "2017.10.13"]
[SourceQuality "1"]

1. d4 f5 2. Nf3 Nf6 3. e3 g6 4. b3 Bg7 5. Bb2 0-0 6. Nbd2 b6 7. Rb1 Bb7 8. Be2 e6 9. c4 d6 10. 0-0 Qe7 11. Re1 Nbd7 12. h3 Ne4 13. Nxe4 fxe4 14. Nd2 Rae8 15. Qc2 Qh4 16. Rf1 Rf7 17. f3 Qh6 18. f4 Nf6 19. Rf2 d5 20. Bc1 g5 21. Nf1 Qg6 22. Qd1 h5 23. Ng3 g4 24. hxg4 Nxg4 25. Bxg4 hxg4 26. Qe2 Bf8 27. Rf1 Be7 28. Kf2 Rh7 29. Bd2 Rf8 30. Rh1 Rff7 31. Rxh7 Rxh7 32. Rh1 Bh4 33. Qf1 Ba6 34. Be1 dxc4 35. Kg1 b5 36. bxc4 bxc4 37. Qe2 Bxg3 38. Bxg3 Rxh1+ 39. Kxh1 Qf5 40. a4 Kf7 41. Kg1 c5 42. Bf2 cxd4 43. exd4 Qxf4 44. Be3 Qf5 45. g3 Ke8 46. Bf4 Kd7 47. Bb8 Qd5 48. Bxa7 Bb7 49. Qe3 c3 50. Bc5 c2 51. Qc1 Qb3 52. Qf4 c1Q+ 53. Qxc1 Qxg3+ 54. Kf1 Ba6+ 0-1

[Event "Napoli Province-ch 2012"]
[Site "Napoli"]
[Date "2012.01.26"]
[Round "6"]
[White "Oliveri, Aldo"]
[Black "Sparice, Lorenzo"]
[Result "1-0"]
[WhiteElo "1500"]
[BlackElo "1374"]
[PlyCount "63"]
[EventDate "2011.12.15"]
[EventType "swiss"]
[EventRounds "7"]
[EventCountry "ITA"]
[SourceTitle "EXT 2018"]
[Source "ChessBase"]
[SourceDate "2017.10.13"]
[SourceVersion "1"]
[SourceVersionDate "2017.10.13"]
[SourceQuality "1"]

1. d4 b6 2. c4 e6 3. a3 Bb7 4. Nc3 Be7 5. e4 Nf6 6. Bd3 d6 7. Nf3 d5 8. cxd5 exd5 9. e5 Ne4 10. 0-0 0-0 11. Qe2 c5 12. Nxe4 dxe4 13. Bxe4 Bxe4 14. Qxe4 Nd7 15. d5 Re8 16. Re1 b5 17. Be3 h6 18. h4 Bf8 19. Rad1 Nf6 20. Qd3 c4 21. Qd4 Nd7 22. d6 Re6 23. Qd5 a6 24. g4 Rc8 25. g5 g6 26. gxh6 Kh7 27. Ng5+ Kg8 28. Nxe6 Qxh4 29. Rd4 Qh5 30. Ng5 Bxh6 31. Qxf7+ Kh8 32. Qh7# 1-0

[Event "Napoli Province-ch 2012"]
[Site "Napoli"]
[Date "2012.01.12"]
[Round "4"]
[White "Oliveri, Aldo"]
[Black "Angelotti, Mario"]
[Result "0-1"]
[WhiteElo "1500"]
[BlackElo "1792"]
[PlyCount "50"]
[EventDate "2011.12.15"]
[EventType "swiss"]
[EventRounds "7"]
[EventCountry "ITA"]
[SourceTitle "EXT 2018"]
[Source "ChessBase"]
[SourceDate "2017.10.13"]
[SourceVersion "1"]
[SourceVersionDate "2017.10.13"]
[SourceQuality "1"]

1. d4 Nf6 2. c4 e5 3. dxe5 Ng4 4. Nf3 Bb4+ 5. Bd2 Nc6 6. Bxb4 Nxb4 7. e3 c5 8. Be2 Qe7 9. a3 Nc6 10. 0-0 Ngxe5 11. Nbd2 0-0 12. Re1 d6 13. Qc1 Ng6 14. Bd3 Nce5 15. Nxe5 dxe5 16. Nf3 f5 17. e4 f4 18. Be2 Nh4 19. Nxh4 Qxh4 20. Qc3 Qg5 21. Bf3 Bg4 22. Bxg4 Qxg4 23. Qxe5 f3 24. g3 Qh3 25. Qd5+ Kh8 0-1

[Event "Napoli Province-ch 2012"]
[Site "Napoli"]
[Date "2011.12.15"]
[Round "1"]
[White "Solombrino, Giovanni"]
[Black "Oliveri, Aldo"]
[Result "1/2-1/2"]
[WhiteElo "1850"]
[BlackElo "1500"]
[PlyCount "79"]
[EventDate "2011.12.15"]
[EventType "swiss"]
[EventRounds "7"]
[EventCountry "ITA"]
[SourceTitle "EXT 2018"]
[Source "ChessBase"]
[SourceDate "2017.10.13"]
[SourceVersion "1"]
[SourceVersionDate "2017.10.13"]
[SourceQuality "1"]

1. e4 e6 2. d4 d5 3. Nd2 Nc6 4. c3 Nf6 5. e5 Nd7 6. Bd3 Ne7 7. Ne2 c5 8. 0-0 cxd4 9. cxd4 Nc6 10. Nf3 Be7 11. Ng3 f6 12. exf6 Nxf6 13. Bc2 0-0 14. a3 Qc7 15. Qd3 Bd6 16. Bg5 Bxg3 17. Bxf6 gxf6 18. hxg3 Qg7 19. Rfe1 f5 20. Qe3 Bd7 21. Rac1 Rae8 22. b4 a6 23. Bb3 Re7 24. Rc5 b6 25. Rc3 h6 26. Ne5 Nxe5 27. dxe5 Rc8 28. Rxc8+ Bxc8 29. Qxb6 Qf7 30. Rc1 Qe8 31. Qd6 Kf8 32. Qb8 Bd7 33. Qb6 Bb5 34. a4 Bxa4 35. Qxa6 Bb5 36. Qb6 Qd7 37. Rc5 Ba4 38. Bxa4 Qxa4 39. Rc8+ Kf7 40. Qd6 1/2-1/2

[Event "Napoli Porreca Cup 1st"]
[Site "Napoli"]
[Date "2011.10.13"]
[Round "4"]
[White "Petteruti, Antonio"]
[Black "Oliveri, Aldo"]
[Result "0-1"]
[WhiteElo "1721"]
[BlackElo "1440"]
[PlyCount "72"]
[EventDate "2011.09.22"]
[EventType "swiss"]
[EventRounds "7"]
[EventCountry "ITA"]
[SourceTitle "EXT 2018"]
[Source "ChessBase"]
[SourceDate "2017.10.13"]
[SourceVersion "1"]
[SourceVersionDate "2017.10.13"]
[SourceQuality "1"]

1. d4 d5 2. Nf3 e6 3. Bf4 Nc6 4. e3 Nf6 5. Be2 Be7 6. 0-0 0-0 7. Ne5 Nxe5 8. Bxe5 Bd6 9. Bxd6 Qxd6 10. Nd2 Re8 11. c4 b6 12. a3 c5 13. cxd5 exd5 14. Nf3 h6 15. b3 Bg4 16. h3 Bf5 17. Nh4 Be4 18. Bd3 Qe6 19. Rc1 Rac8 20. dxc5 bxc5 21. Nf3 g5 22. Nd2 Bxd3 23. Re1 h5 24. Nf3 Qf5 25. Qd2 Be4 26. Nh2 g4 27. h4 Qe5 28. Nf1 Kh8 29. Ng3 Nd7 30. f4 gxf3 31. Nxe4 Qxe4 32. g3 Rg8 33. Kf2 Ne5 34. Rc3 Ng4+ 35. Kf1 f2 36. Rec1 Qf3 0-1